Las cosas de España / (Record no. 64626)

MARC details
000 -LEADER
campo de control de longitud fija 00712nam a2200217 i 4500
001 - NÚMERO DE CONTROL
campo de control 64626
003 - IDENTIFICADOR DE NÚMERO DE CONTROL
campo de control ES-MaACL
005 - FECHA Y HORA DE LA ÚLTIMA TRANSACCIÓN
campo de control 20251005063045.0
007 - CAMPO FIJO DE DESCRIPCIÓN FÍSICA--INFORMACIÓN GENERAL
campo de control de longitud fija t|
008 - DATOS DE LONGITUD FIJA--INFORMACIÓN GENERAL
campo de control de longitud fija 031230s1974 sp ||||1| spa d
100 1# - ENTRADA PRINCIPAL--NOMBRE DE PERSONA
Nombre de persona Ford, Richard,
Fechas asociadas al nombre 1796-1858
9 (RLIN) 138801
245 14 - MENCIÓN DEL TÍTULO
Título Las cosas de España /
Mención de responsabilidad, etc. Richard Ford ; traducción de Enrique de Mesa ; prólogo de Gerald Brenan.
260 ## - PUBLICACIÓN, DISTRIBUCIÓN, ETC.
Lugar de publicación, distribución, etc. Madrid :
Nombre del editor, distribuidor, etc. Turner,
Fecha de publicación, distribución, etc. [1974]
300 ## - DESCRIPCIÓN FÍSICA
Extensión 374 p. ;
Dimensiones 21 cm.
651 #4 - PUNTO DE ACCESO ADICIONAL DE MATERIA--NOMBRE GEOGRÁFICO
Nombre geográfico España-
Subdivisión general Usos y costumbres-
Subdivisión cronológica S.XIX.
9 (RLIN) 8521
651 #4 - PUNTO DE ACCESO ADICIONAL DE MATERIA--NOMBRE GEOGRÁFICO
Nombre geográfico España-
Subdivisión general Descripción-
Subdivisión cronológica S.XIX.
9 (RLIN) 8185
700 1# - ENTRADA AGREGADA--NOMBRE PERSONAL
Nombre de persona Mesa, Enrique de,
Fechas asociadas al nombre 1878-1929
9 (RLIN) 80630
700 1# - ENTRADA AGREGADA--NOMBRE PERSONAL
Nombre de persona Brenan, Gerald.
9 (RLIN) 31574
852 ## - LOCALIZACIÓN
Ubicación ES-MaACL
Número de control de estantería E-7996
Holdings
Estatus retirado Estado de pérdida Estado de daño No para préstamo Biblioteca de origen Biblioteca actual Ubicación en estantería Fecha de adquisición Fuente de adquisición Total de préstamos Signatura topográfica completa Código de barras Visto por última vez Precio de reemplazo Tipo de ítem Koha
        Biblioteca del Ateneo de Madrid Biblioteca del Ateneo de Madrid Depósito 2 17/01/2008     E-7996 1067719 23/02/2023 23/02/2023 Libro impreso